| 000 | 00669nam a2200205Ii 4500 | ||
|---|---|---|---|
| 003 | JO-AjNU | ||
| 008 | 230605s9999||||xx |||||||||||||| ||und|| | ||
| 017 | _a1983/3/148 | ||
| 040 |
_aJO-AjNU _bara _erda _cJO-AjNU |
||
| 041 | _aara | ||
| 050 | 1 | 4 | _aHG221.H8722 1983 |
| 100 | 3 |
_aاعداد الحوراني، احمد, _eauthor _935018 |
|
| 245 | 0 | 0 | _aمحاضرات في النظم النقدية والمصرفية |
| 264 | 3 | 1 | _aعمان: دار مجدلاوي للنشر والتوزيع، 1983 |
| 300 | _a135ص | ||
| 336 |
_atext _btxt _2rdacontent |
||
| 337 |
_aunmediated _bn _2rdamedia |
||
| 338 |
_avolume _bnc _2rdacarrier |
||
| 650 | 4 |
_aالنقود _935019 |
|
| 999 |
_aA14415 _c17983 _d17983 |
||